Responses for show #967 - Tuesday, November 15, 1988

1988 Tournament of Champions semifinal game 2.

Contestants

Roy Holliday, a radiologist from Brooklyn, New York

Peggy Kennedy, a forensic toxicologist and winner of the 1988 Seniors Tournament from Menands, New York

Bruce Naegeli, a librarian from Phoenix, Arizona

Jeopardy! Round responses

REVOLUTIONS
INSECTS
SILENT MOVIES
HERBS & SPICES
SHORT STORIES
"LONG" SONGS
    $100 12
the French Revolution

Roy
    $100 17
eyes

Peggy
    $100 30
Mary Pickford

Roy
    $100 5
ginger

Peggy
    $100 29
J.D. Salinger

Roy
    $100 28
"The Long And Winding Road"

Roy
    $200 4
the Industrial Revolution

Peggy
    $200 18
eggs

Roy
    $200 27
William S. Hart

Peggy
    $200 6
chutney

Roy
    $200 26
"The Snows of Kilimanjaro"

Roy
    $500 25
(Alex: Less than a minute to go.)

"Longfellow Serenade"

Roy
    $300 3
Russia

Bruce
    $300 21
malaria

Roy
    $300 16
The Great Train Robbery

Peggy
    $300 9
(Roy: What's a dessert?)

liqueur

PeggyRoy
    $300 7
"The Bear"

Triple Stumper
    $300 24
"It's Been A Long, Long Time"

Roy
    $400 2
the Green Revolution

Bruce
    $400 20
a source of food

Peggy
    $400 15
Elmo Lincoln

Bruce
    $400 10
bay leaf

Peggy
    $400 8
"The Ransom of Red Chief"

Peggy
    $400 23
(Roy: What is "As Long As He Loves Me"?)

"As Long As He Needs Me"

PeggyRoy
    $500 1
Glorious

Bruce
    $500 19
the gall wasp

Triple Stumper
    $500 14
Pearl White

Bruce
    $500 11
savory

Peggy
    $500 13
Hadleyburg

Bruce
    $500 22
"Take The Long Way Home"

Triple Stumper

Scores at the first commercial break (after clue 16):

Bruce Peggy Roy
$2,600 $2,200 $0

Scores at the end of the Jeopardy! Round:

Bruce Peggy Roy
$2,600 $3,300 $1,400

Double Jeopardy! Round responses

20TH-CENTURY PERSONALITIES
TRANSPORTATION
DANCERS
SHAKESPEARE
ISLANDS
X, Y, Z
    $200 16
David Ben-Gurion

Roy
    $200 21
(P: What is a train?)

Bus

PeggyRoy
    $200 24
Cyd Charisse

Roy
    $200 2
Stratford, Ontario

Peggy
    $200 28
Australia

Peggy
    $200 7
Zurich

Roy
    $400 23
Carl Jung

Roy
    $4,000 20
[Christening a ship]

breaking champagne on the Prow

Bruce
    $400 10
(R: Who was Alice Faye?)

June Allyson

Roy
Triple Stumper
    $400 3
Richard III

Peggy
    $400 29
Lanai

Bruce
    $400 25
The Yukon

Bruce
    $600 22
William Manchester

Bruce
    $600 19
(B: What is a retractable keel?)

Sails

Bruce
Triple Stumper
    $600 9
Maria Tallchief

Roy
    $900 4
Duncan

Peggy
    $600 30
Alcatraz

Peggy
    $600 13
Zelda Gilroy

Triple Stumper
    $800 15
Physician/Doctor

Peggy
    $800 18
Dirigibles

Bruce
    $800 8
Barbara Bain

Roy
    $800 5
(R: Who is Mercutio?)
(B: Who is Romeo?)

Paris

BrucePeggyRoy
    $800 27
Long Island

Peggy
    $800 12
Ypsilanti

Roy
    $1000 14
Harold Macmillan

Bruce
    $1000 17
the completion of the Transcontinental Railroad (the driving of the golden spike accepted)

Bruce
    $1000 1
Moira Shearer

Peggy
    $1000 6
"Othello"

Peggy
    $1000 26
(B: What is Samoa?)

Virgin Islands

Bruce
Triple Stumper
    $1000 11
(Xerxes I / the Great)

Xerxes

Peggy

Scores at the end of the Double Jeopardy! Round:

Bruce Peggy Roy
$8,400 $10,800 $3,600

[wagering suggestions for these scores]

Final Jeopardy! Round responses

THE NOBEL PRIZE
[France, 13 Nobel literature prizes; U.S., 9]
RoyWhat is Sweden?
$1,300
BruceWhat is France?
$8,300
PeggyWhat is Germany?
$6,001
France

Final scores:

Bruce Peggy Roy
$16,700 $4,799 $2,300
Finalist 2nd place: $5,000 3rd place: $5,000

Game dynamics:

Coryat scores:

Bruce Peggy Roy
$4,800 $10,500 $3,300
13 R
(including 1 DD),
3 W
22 R
(including 1 DD),
1 W
18 R
(including 1 DD),
4 W

Combined Coryat: $18,600

The J! Archive is created by fans, for fans. The Jeopardy! game show and all elements thereof, including but not limited to copyright and trademark thereto, are the property of Jeopardy Productions, Inc. and are protected under law. This website is not affiliated with, sponsored by, or operated by Jeopardy Productions, Inc. Join the discussion at JBoard.tv.